Semiconductor devices, physics and technology / (Record no. 62485)

000 -LEADER
fixed length control field 01481cam a2200301 a 4500
001 - CONTROL NUMBER
control field 16717164
003 - CONTROL NUMBER IDENTIFIER
control field NUST - PNEC
005 - DATE AND TIME OF LATEST TRANSACTION
control field 20170116180749.0
008 - FIXED-LENGTH DATA ELEMENTS--GENERAL INFORMATION
fixed length control field 110401s2012 njua b 001 0 eng
010 ## - LIBRARY OF CONGRESS CONTROL NUMBER
LC control number 2011014262
020 ## - INTERNATIONAL STANDARD BOOK NUMBER
International Standard Book Number 9780470537947 (hardback)
040 ## - CATALOGING SOURCE
Transcribing agency LIBRAR
042 ## - AUTHENTICATION CODE
Authentication code pcc
050 00 - LIBRARY OF CONGRESS CALL NUMBER
Classification number TK7871.85
Item number .S9883 2012
082 00 - DEWEY DECIMAL CLASSIFICATION NUMBER
Classification number 621.38152 SZE
Edition number 22
084 ## - OTHER CLASSIFICATION NUMBER
Classification number TEC008090
Number source bisacsh
100 1# - MAIN ENTRY--PERSONAL NAME
Personal name Sze, S. M.,
Dates associated with a name 1936-
245 10 - TITLE STATEMENT
Title Semiconductor devices, physics and technology /
Statement of responsibility, etc. S.M. Sze, M.K. Lee.
250 ## - EDITION STATEMENT
Edition statement 3rd ed.
260 ## - PUBLICATION, DISTRIBUTION, ETC.
Place of publication, distribution, etc. Hoboken, N.J. :
Name of publisher, distributor, etc. Wiley,
Date of publication, distribution, etc. 2012.
300 ## - PHYSICAL DESCRIPTION
Extent ix, 578 p. :
Other physical details ill. ;
Dimensions 27 cm.
520 ## - SUMMARY, ETC.
Summary, etc. "Semiconductor Devices: Physics and Technology, Third Edition is an introduction to the physical principles of modern semiconductor devices and their advanced fabrication technology. It begins with a brief historical review of major devices and key technologies and is then divided into three sections: semiconductor material properties, physics of semiconductor devices and processing technology to fabricate these semiconductor devices"--
650 #0 - SUBJECT ADDED ENTRY--TOPICAL TERM
Topical term or geographic name entry element Semiconductors.
General subdivision EE, EL
856 ## - ELECTRONIC LOCATION AND ACCESS
Uniform Resource Identifier <a href="http://www.amazon.com/Semiconductor-Devices-Technology-Simon-Sze/dp/0470537949/ref=sr_1_1?s=books&ie=UTF8&qid=1425452633&sr=1-1&keywords=9780470537947">http://www.amazon.com/Semiconductor-Devices-Technology-Simon-Sze/dp/0470537949/ref=sr_1_1?s=books&ie=UTF8&qid=1425452633&sr=1-1&keywords=9780470537947</a>
906 ## - LOCAL DATA ELEMENT F, LDF (RLIN)
a 7
b cbc
c orignew
d 1
e ecip
f 20
g y-gencatlg
942 ## - ADDED ENTRY ELEMENTS (KOHA)
Source of classification or shelving scheme
Koha item type Book
Holdings
Withdrawn status Lost status Source of classification or shelving scheme Damaged status Not for loan Permanent Location Current Location Shelving location Date acquired Source of acquisition Cost, normal purchase price Total Checkouts Full call number Barcode Date last seen Cost, replacement price Price effective from Koha item type
          Pakistan Navy Engineering College (PNEC) Pakistan Navy Engineering College (PNEC) Reference 02/22/2015 Progressive International Agency / Reference Grant 20658.73   621.38152 SZE PNECLIB-032054 03/04/2015 20658.73 02/22/2015 Book
© 2023 Central Library, National University of Sciences and Technology. All Rights Reserved.